000
00292nam a22001337a 4500
008
181105b xxu||||| |||| 00| 0 eng d
020
_a
9780072349931
041
_a
eng
080
_a
311
100
_a
51
101
_a
STA
245
_a
Elementary Statistics
_c
Bluman, A.G
942
_2
udc
_c
BK
999
_c
51904
_d
51904